Barrios de Valladolid - Estadísticas

Estadísticas generales
  • Esta prueba ha sido intentada 271 veces
    270 desde el último reinicio
  • La puntuación promedio es 15 de 35
Estadísticas de respuestas
Hint Respuesta % Correcto
22 Delicias
85%
13 Pajarillos
83%
30 Parquesol
82%
1 Centro
81%
10 Rondilla
80%
26 Covaresa
75%
32 Barrio España
69%
31 La Victoria
65%
11 Huerta del Rey
56%
6 La Circular
54%
25 La Rubia
54%
29 Girón
53%
21 Las Flores
52%
28 Villa del Prado
43%
15 Barrio Belén
41%
27 Parque Alameda
41%
24 Cuatro de Marzo
37%
12 Paseo Zorrilla
35%
33 San Pedro Regalado
35%
20 La Overuela
33%
16 Puente Duero
33%
8 Vadillos
33%
14 La Pilarica
30%
17 Pinar de Jalón
28%
3 San Pablo
27%
9 Batallas
25%
34 El Peral
23%
7 San Juan
23%
2 Caño Argales
22%
18 Pinar de Antequera
22%
35 Los Santos - Pilarica
20%
19 Fuente Berrocal
18%
4 San Nicolas
18%
5 San Miguel
16%
23 Ciudad de la Comunicación
11%
No se encontraron pruebas coincidentes
Distribución de puntuación
Porcentaje de gente con cada puntuación
Porcentaje por número respondido
Historial de tus puntuaciones
No has intentado esta prueba desde el último reinicio